| 000 | 03430nas1a22007451i 4500 | ||
|---|---|---|---|
| 001 | RU\NLR\INFOCOMM15\1000069326 | ||
| 005 | 20260407072403.0 | ||
| 011 |
_a2949-1789 _bPrint _y0435-4281 |
||
| 011 | 0 |
_a2949-1797 _bOnline _y2658-4530 |
|
| 035 | _a(NLR Aleph) 002748946 | ||
| 090 |
_a2123278 _c2123278 |
||
| 100 | _a20040212d19709999|||y0rusy50 ca | ||
| 101 | 0 | _arus | |
| 102 | _aRU | ||
| 110 | _aahu||||0|y0 | ||
| 200 | 1 |
_aГеоморфология _fАН СССР |
|
| 210 |
_aМ. _cНаука _d1970 - |
||
| 510 | 1 |
_aGeomorphology _zeng |
|
| 510 | 1 |
_aGeomorfologiya i paleogeografiya _zint |
|
| 517 | 1 | _aГеоморфология и палеогеография | |
| 712 | 0 | 2 |
_4570 _aАН СССР _3RU\NLR\AUTH\881046 _9272478 |
| 712 | 0 | 2 |
_4570 _aРоссийская академия наук _3RU\NLR\AUTH\881057 _9272489 |
| 801 | 2 |
_aRU _bNLR _c20080319 _2rusmarc |
|
| 801 | 1 |
_aRU _bInfoComm _c20040212 |
|
| 801 | 0 |
_aRU _bNLR _gPSBO |
|
| 852 |
_aNLR _jП20/87 |
||
| 942 | _cJOURNAL | ||
| 980 | _aRUSPER | ||